000 00543nam a2200181Ia 4500
005 20250508162925.0
008 008 250505s9999 xx 000 0 eng d
037 _aTextual
040 _aFEDL
_beng
_cFEDL
041 _aeng
_2eng
084 _a371.394, PAT
_qFEDL
100 _aPattanshetti M M
_9774409
245 0 _aDesigning and organising tutorials in colleges and universities
260 _aDavangere
_bYou Need Publications
_c1992
300 _aiii,116p.
942 _cTEXL
_h371.394, PAT
999 _c1379465
_d1379465